[Event "Najdorf Memorial"]
[Site "Warsaw POL"]
[Date "2021.07.17"]
[Round "8.2"]
[White "Licznerski, Lukasz"]
[Black "Donchenko, Alexander"]
[Result "1/2-1/2"]
[BlackElo "2652"]
[WhiteElo "2400"]
[LiveChessVersion "1.4.8"]

1. e4 {[%clk 1:26:11]} c5 {[%clk 1:30:51]} 2. Nf3 {[%clk 1:26:10]} d6
{[%clk 1:31:08]} 3. d4 {[%clk 1:26:37]} cxd4 {[%clk 1:31:30]} 4. Nxd4
{[%clk 1:27:05]} Nf6 {[%clk 1:31:50]} 5. Nc3 {[%clk 1:27:31]} a6 {[%clk 1:32:13]}
6. f4 {[%clk 1:27:58]} e5 {[%clk 1:31:44]} 7. Nf3 {[%clk 1:28:17]} Nbd7
{[%clk 1:31:52]} 8. a4 {[%clk 1:28:38]} Qc7 {[%clk 1:21:11]} 9. Bd3
{[%clk 1:27:10]} Be7 {[%clk 1:21:28]} 10. O-O {[%clk 1:27:03]} O-O
{[%clk 1:21:51]} 11. Kh1 {[%clk 1:26:57]} Re8 {[%clk 1:17:52]} 12. fxe5
{[%clk 1:21:42]} dxe5 {[%clk 1:16:36]} 13. Bg5 {[%clk 1:20:31]} h6
{[%clk 1:08:00]} 14. Bh4 {[%clk 1:18:25]} Bb4 {[%clk 1:06:42]} 15. Nd2
{[%clk 1:15:36]} Bxc3 {[%clk 1:01:11]} 16. bxc3 {[%clk 1:16:02]} Re6
{[%clk 0:50:53]} 17. c4 {[%clk 0:57:06]} Qc6 {[%clk 0:45:30]} 18. Qe2
{[%clk 0:49:12]} Nc5 {[%clk 0:40:13]} 19. a5 {[%clk 0:49:06]} Rd6
{[%clk 0:38:55]} 20. h3 {[%clk 0:45:09]} b6 {[%clk 0:24:59]} 21. Qe3
{[%clk 0:30:10]} Nh5 {[%clk 0:21:11]} 22. axb6 {[%clk 0:26:11]} Qxb6
{[%clk 0:18:49]} 23. Bf2 {[%clk 0:10:43]} Nxd3 {[%clk 0:18:34]} 24. Qxb6
{[%clk 0:11:08]} Rxb6 {[%clk 0:18:59]} 25. Bxb6 {[%clk 0:06:27]} Ng3+
{[%clk 0:19:23]} 26. Kg1 {[%clk 0:06:49]} Nxf1 {[%clk 0:19:46]} 27. Nxf1
{[%clk 0:06:33]} Nf4 {[%clk 0:11:20]} 28. Ne3 {[%clk 0:06:47]} Ne6
{[%clk 0:10:26]} 29. Nd5 {[%clk 0:04:28]} Kf8 {[%clk 0:10:06]} 30. Kf2
{[%clk 0:03:04]} Ke8 {[%clk 0:06:09]} 31. Ke3 {[%clk 0:02:59]} f6
{[%clk 0:05:32]} 32. h4 {[%clk 0:02:22]} Rb8 {[%clk 0:04:31]} 33. c5
{[%clk 0:02:30]} Bb7 {[%clk 0:04:23]} 34. Nb4 {[%clk 0:01:58]} Rc8
{[%clk 0:04:33]} 35. Ra5 {[%clk 0:02:01]} Nd4 {[%clk 0:04:00]} 36. Ra2
{[%clk 0:00:38]} Kf7 {[%clk 0:00:38]} 37. c3 {[%clk 0:00:49]} Nc6
{[%clk 0:00:57]} 38. Rd2 {[%clk 0:00:35]} Ke8 {[%clk 0:00:54]} 39. Nd5
{[%clk 0:00:53]} Ne7 {[%clk 0:00:33]} 40. Nc7+ {[%clk 0:30:33]} Kf7
{[%clk 0:30:54]} 41. h5 {[%clk 0:17:31]} f5 {[%clk 0:29:59]} 42. exf5
{[%clk 0:15:30]} Nxf5+ {[%clk 0:30:10]} 43. Kf2 {[%clk 0:15:13]} e4
{[%clk 0:26:37]} 44. Rd7+ {[%clk 0:15:01]} Kg8 {[%clk 0:26:58]} 45. Nd5
{[%clk 0:09:34]} Bc6 {[%clk 0:24:17]} 46. Ne7+ {[%clk 0:09:48]} Nxe7
{[%clk 0:24:30]} 47. Rxe7 {[%clk 0:10:11]} Re8 {[%clk 0:24:25]} 48. Rxe8+
{[%clk 0:02:20]} Bxe8 {[%clk 0:24:53]} 49. Ke3 {[%clk 0:02:49]} Bc6
{[%clk 0:24:09]} 50. c4 {[%clk 0:01:30]} Kf7 {[%clk 0:24:13]} 51. Ba5
{[%clk 0:01:29]} g6 {[%clk 0:06:35]} 52. hxg6+ {[%clk 0:01:57]} Kxg6
{[%clk 0:06:57]} 53. Kf4 {[%clk 0:02:25]} Kf6 {[%clk 0:07:03]} 54. Bc3+
{[%clk 0:02:15]} Ke6 {[%clk 0:07:30]} 55. g4 {[%clk 0:01:36]} Kf7
{[%clk 0:06:25]} 56. Bd2 {[%clk 0:01:49]} Kf6 {[%clk 0:06:13]} 57. Bc3+
{[%clk 0:02:14]} 1/2-1/2

[Event "Najdorf Memorial"]
[Site "Warsaw POL"]
[Date "2021.07.17"]
[Round "8.3"]
[White "Rozentalis, Eduardas"]
[Black "Romanishin, Oleg M"]
[Result "1/2-1/2"]
[BlackElo "2404"]
[WhiteElo "2526"]
[LiveChessVersion "1.4.8"]

1. e4 {[%clk 1:30:56]} e5 {[%clk 1:30:56]} 2. Nf3 {[%clk 1:31:19]} Nc6
{[%clk 1:31:22]} 3. Bc4 {[%clk 1:31:37]} Nf6 {[%clk 1:31:45]} 4. d3
{[%clk 1:31:49]} Be7 {[%clk 1:32:02]} 5. O-O {[%clk 1:31:49]} O-O
{[%clk 1:32:00]} 6. Re1 {[%clk 1:31:36]} d6 {[%clk 1:32:22]} 7. a4
{[%clk 1:31:00]} a5 {[%clk 1:30:32]} 8. c3 {[%clk 1:28:45]} Be6 {[%clk 1:19:51]}
9. Nbd2 {[%clk 1:26:30]} Nd7 {[%clk 1:18:26]} 10. Nf1 {[%clk 1:22:09]} Bxc4
{[%clk 1:11:49]} 11. dxc4 {[%clk 1:22:24]} Nc5 {[%clk 1:12:14]} 12. Qc2
{[%clk 1:16:35]} Bf6 {[%clk 1:06:34]} 13. Ne3 {[%clk 1:11:36]} g6
{[%clk 1:06:08]} 14. Nd5 {[%clk 1:06:49]} Bg7 {[%clk 1:06:22]} 15. Bg5
{[%clk 1:02:48]} Qd7 {[%clk 0:48:44]} 16. Bf6 {[%clk 1:00:30]} Qc8
{[%clk 0:41:15]} 17. Bxg7 {[%clk 0:45:49]} Kxg7 {[%clk 0:41:39]} 18. b4
{[%clk 0:46:15]} Ne6 {[%clk 0:39:15]} 19. c5 {[%clk 0:42:44]} axb4
{[%clk 0:35:08]} 20. cxd6 {[%clk 0:40:11]} cxd6 {[%clk 0:33:34]} 21. cxb4
{[%clk 0:39:01]} Ncd4 {[%clk 0:33:03]} 22. Nxd4 {[%clk 0:32:48]} Nxd4
{[%clk 0:33:26]} 23. Qxc8 {[%clk 0:31:31]} Raxc8 {[%clk 0:33:49]} 24. Ra2
{[%clk 0:31:53]} Rc4 {[%clk 0:31:53]} 25. f3 {[%clk 0:21:34]} Rfc8
{[%clk 0:28:39]} 26. a5 {[%clk 0:19:47]} Rc2 {[%clk 0:27:14]} 27. Rea1
{[%clk 0:14:39]} f5 {[%clk 0:25:20]} 28. Rxc2 {[%clk 0:08:51]} Rxc2
{[%clk 0:25:43]} 29. a6 {[%clk 0:09:04]} bxa6 {[%clk 0:25:58]} 30. Rxa6
{[%clk 0:09:22]} 1/2-1/2

[Event "Najdorf Memorial"]
[Site "Warsaw POL"]
[Date "2021.07.17"]
[Round "8.4"]
[White "Kanarek, Marcel"]
[Black "Niedbala, Bartlomiej"]
[Result "1/2-1/2"]
[BlackElo "2360"]
[WhiteElo "2498"]
[LiveChessVersion "1.4.8"]

1. e4 {[%clk 1:30:57]} c6 {[%clk 1:30:50]} 2. d4 {[%clk 1:31:23]} d5
{[%clk 1:31:16]} 3. e5 {[%clk 1:31:50]} Bf5 {[%clk 1:31:38]} 4. h4
{[%clk 1:32:07]} h5 {[%clk 1:31:48]} 5. c4 {[%clk 1:31:37]} e6 {[%clk 1:31:47]}
6. Nc3 {[%clk 1:31:54]} dxc4 {[%clk 1:32:04]} 7. Bxc4 {[%clk 1:30:55]} Nd7
{[%clk 1:32:30]} 8. Nge2 {[%clk 0:57:55]} Be7 {[%clk 1:15:29]} 9. Ng3
{[%clk 0:54:45]} Bg6 {[%clk 1:12:48]} 10. Bg5 {[%clk 0:34:50]} Nh6
{[%clk 0:29:40]} 11. Bxe7 {[%clk 0:22:23]} Qxe7 {[%clk 0:30:02]} 12. Bd3
{[%clk 0:20:35]} Bxd3 {[%clk 0:22:58]} 13. Qxd3 {[%clk 0:21:04]} O-O-O
{[%clk 0:22:43]} 14. Qf3 {[%clk 0:18:14]} f6 {[%clk 0:16:31]} 15. exf6
{[%clk 0:12:00]} Qxf6 {[%clk 0:15:01]} 16. Qxf6 {[%clk 0:07:54]} Nxf6
{[%clk 0:14:29]} 17. O-O-O {[%clk 0:08:03]} Nhg4 {[%clk 0:10:01]} 18. Rd2
{[%clk 0:04:56]} e5 {[%clk 0:06:58]} 19. dxe5 {[%clk 0:05:21]} Rxd2
{[%clk 0:07:09]} 20. Kxd2 {[%clk 0:05:46]} Nxe5 {[%clk 0:06:12]} 21. Re1
{[%clk 0:05:13]} Rd8+ {[%clk 0:04:17]} 22. Kc2 {[%clk 0:05:36]} Nd3
{[%clk 0:02:45]} 23. Re7 {[%clk 0:05:31]} Nxf2 {[%clk 0:02:35]} 24. Rxg7
{[%clk 0:05:52]} N2g4 {[%clk 0:02:35]} 25. Nf5 {[%clk 0:04:01]} Rd7
{[%clk 0:02:59]} 26. Rg5 {[%clk 0:03:38]} Kc7 {[%clk 0:02:16]} 27. g3
{[%clk 0:03:28]} b5 {[%clk 0:00:54]} 28. a3 {[%clk 0:03:29]} a5 {[%clk 0:00:56]}
29. b4 {[%clk 0:03:28]} a4 {[%clk 0:00:53]} 30. Rg6 {[%clk 0:02:17]} 1/2-1/2

[Event "Najdorf Memorial"]
[Site "Warsaw POL"]
[Date "2021.07.17"]
[Round "8.5"]
[White "Mickiewicz, Piotr"]
[Black "Kosakowski, Jakub"]
[Result "1-0"]
[BlackElo "2417"]
[WhiteElo "2247"]
[LiveChessVersion "1.4.8"]

1. c4 {[%clk 1:21:50]} e6 {[%clk 1:28:42]} 2. Nf3 {[%clk 1:21:45]} Nf6
{[%clk 1:28:57]} 3. b3 {[%clk 1:18:58]} d5 {[%clk 1:28:51]} 4. Bb2
{[%clk 1:18:36]} Be7 {[%clk 1:27:18]} 5. g3 {[%clk 1:13:17]} O-O {[%clk 1:25:35]}
6. Bg2 {[%clk 1:13:44]} b6 {[%clk 1:20:40]} 7. O-O {[%clk 1:13:12]} Bb7
{[%clk 1:21:00]} 8. e3 {[%clk 1:08:12]} c5 {[%clk 1:08:53]} 9. Qe2
{[%clk 1:06:52]} Nc6 {[%clk 1:08:33]} 10. Rd1 {[%clk 1:04:06]} Qc7
{[%clk 0:57:16]} 11. Nc3 {[%clk 0:54:51]} Rad8 {[%clk 0:55:47]} 12. cxd5
{[%clk 0:47:49]} Nxd5 {[%clk 0:51:00]} 13. Nxd5 {[%clk 0:47:57]} exd5
{[%clk 0:51:20]} 14. d4 {[%clk 0:48:11]} Rfe8 {[%clk 0:48:51]} 15. Rac1
{[%clk 0:47:01]} Bf8 {[%clk 0:35:35]} 16. Qc2 {[%clk 0:30:05]} h6
{[%clk 0:31:04]} 17. Ba3 {[%clk 0:23:26]} Rc8 {[%clk 0:31:17]} 18. Bh3
{[%clk 0:23:12]} Rcd8 {[%clk 0:24:00]} 19. dxc5 {[%clk 0:20:20]} Qe7
{[%clk 0:23:09]} 20. Nd4 {[%clk 0:17:37]} Ne5 {[%clk 0:19:56]} 21. c6
{[%clk 0:13:48]} Qxa3 {[%clk 0:20:03]} 22. cxb7 {[%clk 0:14:15]} Rb8
{[%clk 0:19:41]} 23. Bc8 {[%clk 0:10:13]} Bc5 {[%clk 0:13:56]} 24. Nb5
{[%clk 0:07:34]} Qb4 {[%clk 0:11:42]} 25. Nc7 {[%clk 0:08:01]} Rexc8
{[%clk 0:11:51]} 26. bxc8=Q+ {[%clk 0:08:21]} Rxc8 {[%clk 0:12:19]} 27. Nxd5
{[%clk 0:08:41]} Nf3+ {[%clk 0:12:27]} 28. Kh1 {[%clk 0:08:46]} Qg4
{[%clk 0:11:33]} 29. Ne7+ {[%clk 0:09:14]} Kh8 {[%clk 0:11:39]} 30. Nxc8
{[%clk 0:09:16]} f5 {[%clk 0:11:41]} 31. Rd8+ {[%clk 0:06:26]} Kh7
{[%clk 0:12:08]} 32. Qc4 {[%clk 0:03:42]} Qh3 {[%clk 0:09:29]} 33. Qg8+
{[%clk 0:04:10]} Kg6 {[%clk 0:09:57]} 34. Ne7+ {[%clk 0:01:52]} Bxe7
{[%clk 0:09:10]} 35. Rc6+ {[%clk 0:02:11]} Bf6 {[%clk 0:08:18]} 36. Rxf6+
{[%clk 0:02:36]} Kh5 {[%clk 0:08:47]} 37. Qf7+ {[%clk 0:02:18]} Kg4
{[%clk 0:09:13]} 38. Qg6+ {[%clk 0:02:39]} Ng5 {[%clk 0:09:37]} 39. Qxf5+
{[%clk 0:02:57]} 1-0

[Event "Najdorf Memorial"]
[Site "Warsaw POL"]
[Date "2021.07.17"]
[Round "8.6"]
[White "Kowalski, Igor"]
[Black "Dragun, Kamil"]
[Result "0-1"]
[BlackElo "2557"]
[WhiteElo "2349"]
[LiveChessVersion "1.4.8"]

1. d4 {[%clk 1:30:59]} Nf6 {[%clk 1:27:15]} 2. Nf3 {[%clk 1:31:25]} e6
{[%clk 1:27:31]} 3. e3 {[%clk 1:31:42]} b6 {[%clk 1:25:10]} 4. Bd3
{[%clk 1:31:57]} Bb7 {[%clk 1:24:42]} 5. O-O {[%clk 1:32:01]} Be7
{[%clk 1:24:36]} 6. b3 {[%clk 1:32:07]} c5 {[%clk 1:20:49]} 7. Bb2
{[%clk 1:32:22]} cxd4 {[%clk 1:19:08]} 8. exd4 {[%clk 1:32:37]} d5
{[%clk 1:18:22]} 9. Nbd2 {[%clk 1:28:07]} Nbd7 {[%clk 1:18:28]} 10. Qe2
{[%clk 1:23:05]} O-O {[%clk 1:18:07]} 11. Rfe1 {[%clk 1:04:45]} Re8
{[%clk 1:13:53]} 12. a3 {[%clk 1:04:40]} Bf8 {[%clk 1:12:50]} 13. Rad1
{[%clk 0:54:07]} Rc8 {[%clk 1:08:57]} 14. Ne5 {[%clk 0:38:53]} Rc7
{[%clk 1:02:41]} 15. f4 {[%clk 0:34:48]} Qa8 {[%clk 1:00:59]} 16. Rc1
{[%clk 0:28:21]} a6 {[%clk 0:53:26]} 17. Qf3 {[%clk 0:21:08]} g6 {[%clk 0:49:31]}
18. g4 {[%clk 0:19:41]} Bg7 {[%clk 0:46:32]} 19. h4 {[%clk 0:18:49]} Rec8
{[%clk 0:37:44]} 20. c3 {[%clk 0:13:30]} b5 {[%clk 0:27:11]} 21. Nxd7
{[%clk 0:05:48]} Rxd7 {[%clk 0:26:05]} 22. f5 {[%clk 0:05:29]} exf5
{[%clk 0:23:30]} 23. gxf5 {[%clk 0:05:42]} Re8 {[%clk 0:23:49]} 24. Re5
{[%clk 0:01:10]} Rxe5 {[%clk 0:18:04]} 25. dxe5 {[%clk 0:01:39]} Ne4
{[%clk 0:18:28]} 26. Qe3 {[%clk 0:00:52]} Bh6 {[%clk 0:06:59]} 27. Qxh6
{[%clk 0:01:09]} Qa7+ {[%clk 0:07:27]} 28. Kh1 {[%clk 0:01:12]} Qf2
{[%clk 0:07:54]} 29. Rg1 {[%clk 0:00:53]} Nxd2 {[%clk 0:08:20]} 30. Rg2
{[%clk 0:00:39]} d4 {[%clk 0:08:43]} 0-1

[Event "Najdorf Memorial"]
[Site "Warsaw POL"]
[Date "2021.07.17"]
[Round "8.7"]
[White "Chatalbashev, Boris"]
[Black "Fiedorek, Michal"]
[Result "1-0"]
[BlackElo "2234"]
[WhiteElo "2530"]
[LiveChessVersion "1.4.8"]

1. d4 {[%clk 1:30:57]} Nf6 {[%clk 1:30:55]} 2. c4 {[%clk 1:31:22]} g6
{[%clk 1:31:19]} 3. Nc3 {[%clk 1:31:47]} Bg7 {[%clk 1:31:44]} 4. e4
{[%clk 1:32:12]} d6 {[%clk 1:32:08]} 5. Be2 {[%clk 1:32:19]} O-O {[%clk 1:32:22]}
6. Be3 {[%clk 1:32:44]} e5 {[%clk 1:31:04]} 7. d5 {[%clk 1:33:08]} a5
{[%clk 1:30:49]} 8. g4 {[%clk 1:33:21]} Na6 {[%clk 1:29:37]} 9. g5
{[%clk 1:33:44]} Nd7 {[%clk 1:26:55]} 10. h4 {[%clk 1:33:59]} f5 {[%clk 1:18:03]}
11. gxf6 {[%clk 1:33:45]} Nxf6 {[%clk 1:11:22]} 12. h5 {[%clk 1:33:53]} Nc5
{[%clk 1:10:04]} 13. hxg6 {[%clk 1:33:13]} hxg6 {[%clk 1:10:15]} 14. Bf3
{[%clk 1:26:16]} c6 {[%clk 1:07:36]} 15. Nh3 {[%clk 1:23:58]} cxd5
{[%clk 1:00:06]} 16. cxd5 {[%clk 1:24:24]} Bd7 {[%clk 0:51:04]} 17. Ng5
{[%clk 1:17:16]} Rc8 {[%clk 0:45:09]} 18. Kf1 {[%clk 0:55:01]} b5
{[%clk 0:44:06]} 19. Rc1 {[%clk 0:52:17]} Rc7 {[%clk 0:30:47]} 20. Kg2
{[%clk 0:50:35]} Qe7 {[%clk 0:24:56]} 21. Rh4 {[%clk 0:38:54]} Rfc8
{[%clk 0:22:46]} 22. Ne2 {[%clk 0:38:55]} Na4 {[%clk 0:15:08]} 23. Rxc7
{[%clk 0:36:26]} Rxc7 {[%clk 0:15:33]} 24. Qd2 {[%clk 0:35:38]} b4
{[%clk 0:14:24]} 25. a3 {[%clk 0:35:13]} Rb7 {[%clk 0:10:36]} 26. b3
{[%clk 0:31:25]} Nc5 {[%clk 0:09:07]} 27. Bxc5 {[%clk 0:31:41]} dxc5
{[%clk 0:09:27]} 28. d6 {[%clk 0:32:06]} Qd8 {[%clk 0:08:21]} 29. Qc1
{[%clk 0:29:48]} Bb5 {[%clk 0:06:34]} 30. a4 {[%clk 0:28:44]} Ba6
{[%clk 0:05:19]} 31. Qxc5 {[%clk 0:28:32]} Bf8 {[%clk 0:03:26]} 32. Qxe5
{[%clk 0:25:13]} Qxd6 {[%clk 0:02:54]} 33. Qf4 {[%clk 0:21:41]} Qxf4
{[%clk 0:02:00]} 34. Nxf4 {[%clk 0:21:58]} Rc7 {[%clk 0:02:05]} 35. e5
{[%clk 0:22:07]} 1-0

[Event "Najdorf Memorial"]
[Site "Warsaw POL"]
[Date "2021.07.17"]
[Round "8.8"]
[White "Kiolbasa, Oliwia"]
[Black "Gumularz, Szymon"]
[Result "0-1"]
[BlackElo "2515"]
[WhiteElo "2255"]
[LiveChessVersion "1.4.8"]

1. e4 {[%clk 1:30:57]} d6 {[%clk 1:30:21]} 2. d4 {[%clk 1:31:13]} Nf6
{[%clk 1:30:45]} 3. Nc3 {[%clk 1:31:31]} g6 {[%clk 1:31:05]} 4. g3
{[%clk 1:31:22]} Bg7 {[%clk 1:30:33]} 5. Bg2 {[%clk 1:31:37]} O-O
{[%clk 1:30:36]} 6. Nge2 {[%clk 1:31:37]} e5 {[%clk 1:29:59]} 7. h3
{[%clk 1:31:33]} Nbd7 {[%clk 1:29:30]} 8. O-O {[%clk 1:29:25]} c6
{[%clk 1:28:21]} 9. a4 {[%clk 1:29:03]} Re8 {[%clk 1:28:39]} 10. Be3
{[%clk 1:22:37]} exd4 {[%clk 1:20:09]} 11. Bxd4 {[%clk 1:18:24]} h5
{[%clk 1:11:04]} 12. f4 {[%clk 1:12:25]} Qc7 {[%clk 1:10:39]} 13. Qd2
{[%clk 1:06:21]} b6 {[%clk 1:10:40]} 14. Rad1 {[%clk 1:00:22]} Ba6
{[%clk 1:10:30]} 15. Rfe1 {[%clk 0:59:41]} Rad8 {[%clk 1:10:26]} 16. Bf2
{[%clk 0:59:01]} Nc5 {[%clk 1:03:43]} 17. Nd4 {[%clk 0:59:01]} d5
{[%clk 1:01:03]} 18. exd5 {[%clk 0:46:02]} Rxe1+ {[%clk 0:47:40]} 19. Bxe1
{[%clk 0:45:29]} cxd5 {[%clk 0:44:59]} 20. Ndb5 {[%clk 0:36:24]} Qe7
{[%clk 0:38:47]} 21. Nxd5 {[%clk 0:23:50]} Nxd5 {[%clk 0:33:49]} 22. Bxd5
{[%clk 0:24:05]} Kh7 {[%clk 0:26:49]} 23. Nc3 {[%clk 0:13:32]} Bb7
{[%clk 0:21:05]} 24. b4 {[%clk 0:05:32]} Bxc3 {[%clk 0:21:08]} 25. Qxc3
{[%clk 0:05:28]} Nxa4 {[%clk 0:21:23]} 26. Qa1 {[%clk 0:02:41]} Rxd5
{[%clk 0:21:35]} 0-1

[Event "Najdorf Memorial"]
[Site "Warsaw POL"]
[Date "2021.07.17"]
[Round "8.9"]
[White "Kaczmarek, Aleksander"]
[Black "Chylewski, Patryk"]
[Result "1/2-1/2"]
[BlackElo "2290"]
[WhiteElo "2371"]
[LiveChessVersion "1.4.8"]

1. e4 {[%clk 1:30:59]} c5 {[%clk 1:30:56]} 2. Nf3 {[%clk 1:31:23]} d6
{[%clk 1:31:21]} 3. d4 {[%clk 1:31:51]} cxd4 {[%clk 1:31:47]} 4. Nxd4
{[%clk 1:32:19]} Nf6 {[%clk 1:32:12]} 5. Nc3 {[%clk 1:32:47]} a6 {[%clk 1:32:36]}
6. f4 {[%clk 1:31:54]} e5 {[%clk 1:30:33]} 7. Nf3 {[%clk 1:32:21]} Qc7
{[%clk 1:30:56]} 8. Bd3 {[%clk 1:32:44]} Be7 {[%clk 1:30:33]} 9. O-O
{[%clk 1:33:10]} O-O {[%clk 1:30:30]} 10. Kh1 {[%clk 1:33:26]} Nbd7
{[%clk 1:26:55]} 11. Qe1 {[%clk 1:31:15]} b5 {[%clk 1:25:40]} 12. fxe5
{[%clk 1:24:27]} dxe5 {[%clk 1:23:43]} 13. a3 {[%clk 1:14:00]} Kh8
{[%clk 1:05:14]} 14. Bg5 {[%clk 1:10:04]} Bb7 {[%clk 1:00:16]} 15. Nh4
{[%clk 1:01:54]} Ng8 {[%clk 0:59:49]} 16. Bd2 {[%clk 1:01:26]} Bf6 17. Rf3
{[%clk 0:53:23]} Nc5 {[%clk 0:53:18]} 18. Qf2 {[%clk 0:46:58]} Rad8
{[%clk 0:48:41]} 19. Rf1 {[%clk 0:44:13]} Ne6 {[%clk 0:45:30]} 20. Nf5
{[%clk 0:33:35]} Rd7 {[%clk 0:37:34]} 21. Ne3 {[%clk 0:30:36]} Nf4
{[%clk 0:27:56]} 22. Ng4 {[%clk 0:28:51]} Nxd3 {[%clk 0:27:19]} 23. cxd3
{[%clk 0:29:13]} Rd6 {[%clk 0:26:58]} 24. Ne2 {[%clk 0:22:14]} Rfd8
{[%clk 0:21:20]} 25. Nxf6 {[%clk 0:20:19]} Rxf6 {[%clk 0:20:58]} 26. Rxf6
{[%clk 0:19:59]} Nxf6 {[%clk 0:21:21]} 27. Bg5 {[%clk 0:20:06]} Rd6
{[%clk 0:21:12]} 28. Qg3 {[%clk 0:18:03]} Qc2 {[%clk 0:16:16]} 29. Bxf6
{[%clk 0:15:16]} Rxf6 {[%clk 0:15:14]} 30. Rxf6 {[%clk 0:15:15]} gxf6
{[%clk 0:11:20]} 31. Qf3 {[%clk 0:14:20]} f5 {[%clk 0:11:18]} 32. h3
{[%clk 0:12:23]} Kg8 {[%clk 0:03:43]} 33. Ng3 {[%clk 0:06:17]} fxe4
{[%clk 0:02:44]} 34. Qg4+ {[%clk 0:06:25]} Kf8 {[%clk 0:02:35]} 35. dxe4
{[%clk 0:03:02]} Qxb2 {[%clk 0:01:30]} 36. Qg5 {[%clk 0:02:32]} Bxe4
{[%clk 0:00:51]} 37. Qd8+ {[%clk 0:01:39]} Kg7 {[%clk 0:01:17]} 38. Qg5+
{[%clk 0:02:08]} Kf8 {[%clk 0:01:33]} 39. Qd8+ {[%clk 0:01:02]} Kg7
{[%clk 0:01:59]} 40. Qg5+ {[%clk 0:31:11]} 1/2-1/2

[Event "Najdorf Memorial"]
[Site "Warsaw POL"]
[Date "2021.07.17"]
[Round "8.10"]
[White "Dzhuguryan, Tygran"]
[Black "Suvorov, Alexander"]
[Result "1/2-1/2"]
[BlackElo "2353"]
[WhiteElo "2176"]
[LiveChessVersion "1.4.8"]

1. d4 {[%clk 1:30:57]} Nf6 {[%clk 1:30:48]} 2. c4 {[%clk 1:31:20]} e6
{[%clk 1:31:03]} 3. Nf3 {[%clk 1:30:54]} d5 {[%clk 1:30:57]} 4. Nc3
{[%clk 1:30:44]} Bb4 {[%clk 1:30:58]} 5. cxd5 {[%clk 1:31:02]} exd5
{[%clk 1:31:03]} 6. Bg5 {[%clk 1:31:23]} h6 {[%clk 1:31:10]} 7. Bh4
{[%clk 1:31:50]} O-O {[%clk 1:31:12]} 8. e3 {[%clk 1:32:03]} Bf5 {[%clk 1:31:25]}
9. Qb3 {[%clk 1:32:14]} Bxc3+ {[%clk 1:31:18]} 10. Qxc3 {[%clk 1:32:27]} Nbd7
{[%clk 1:28:50]} 11. Rc1 {[%clk 1:29:46]} c6 {[%clk 1:27:00]} 12. Qa3
{[%clk 1:29:05]} g5 {[%clk 1:19:46]} 13. Bg3 {[%clk 1:29:33]} Ne4
{[%clk 1:18:27]} 14. Be2 {[%clk 1:22:51]} h5 {[%clk 1:12:21]} 15. Nd2
{[%clk 1:22:12]} Nxd2 {[%clk 1:02:35]} 16. Kxd2 {[%clk 1:22:17]} h4
{[%clk 1:02:34]} 17. Bd6 {[%clk 1:22:39]} Re8 {[%clk 1:02:41]} 18. h3
{[%clk 1:20:09]} Re6 {[%clk 0:45:00]} 19. Bh2 {[%clk 1:20:32]} Qf6
{[%clk 0:29:33]} 20. b4 {[%clk 1:06:23]} b6 {[%clk 0:21:57]} 21. Qc3
{[%clk 1:05:36]} a5 {[%clk 0:18:26]} 22. b5 {[%clk 1:03:05]} Rc8 {[%clk 0:18:52]}
23. Rhd1 {[%clk 1:02:08]} Qg6 {[%clk 0:17:14]} 24. Ke1 {[%clk 0:59:11]} Nf6
{[%clk 0:11:31]} 25. bxc6 {[%clk 0:48:29]} Ne4 {[%clk 0:11:29]} 26. Qb2
{[%clk 0:48:56]} Rcxc6 {[%clk 0:08:53]} 27. Bb5 {[%clk 0:48:49]} Rxc1
{[%clk 0:09:16]} 28. Rxc1 {[%clk 0:49:12]} Nd6 {[%clk 0:06:15]} 29. Bxd6
{[%clk 0:48:10]} Rxd6 {[%clk 0:06:43]} 30. f3 {[%clk 0:48:16]} Bd3
{[%clk 0:05:04]} 31. Kd2 {[%clk 0:48:38]} Bxb5 {[%clk 0:04:39]} 32. Qxb5
{[%clk 0:48:45]} Qe6 {[%clk 0:04:49]} 33. Qa6 {[%clk 0:47:45]} Rd8
{[%clk 0:04:18]} 34. Qb7 {[%clk 0:45:38]} Qd6 {[%clk 0:04:13]} 35. Qc7
{[%clk 0:44:23]} Qb4+ {[%clk 0:04:26]} 36. Qc3 {[%clk 0:43:24]} Qd6
{[%clk 0:04:25]} 37. Qc7 {[%clk 0:38:14]} Qb4+ {[%clk 0:04:50]} 38. Qc3
{[%clk 0:38:39]} Qd6 {[%clk 0:05:16]} 39. Qc7 {[%clk 0:37:30]} Qb4+
{[%clk 0:05:38]} 40. Qc3 {[%clk 0:37:26]} 1/2-1/2

[Event "Najdorf Memorial"]
[Site "Warsaw POL"]
[Date "2021.07.17"]
[Round "8.11"]
[White "Czopor, Maciej"]
[Black "Godzwon, Iwo"]
[Result "1-0"]
[BlackElo "2375"]
[WhiteElo "2279"]
[LiveChessVersion "1.4.8"]

1. e4 {[%clk 1:30:57]} c5 {[%clk 1:30:57]} 2. Nf3 {[%clk 1:31:23]} e6
{[%clk 1:31:23]} 3. d4 {[%clk 1:31:49]} cxd4 {[%clk 1:31:50]} 4. Nxd4
{[%clk 1:32:16]} Nc6 {[%clk 1:32:15]} 5. Nc3 {[%clk 1:32:43]} Qc7
{[%clk 1:32:41]} 6. f4 {[%clk 1:32:48]} a6 {[%clk 1:29:16]} 7. Nxc6
{[%clk 1:32:58]} bxc6 {[%clk 1:26:22]} 8. Bd3 {[%clk 1:33:14]} d5
{[%clk 1:20:22]} 9. O-O {[%clk 1:33:21]} Nf6 {[%clk 1:18:53]} 10. Qe2
{[%clk 1:33:44]} Be7 {[%clk 1:18:10]} 11. Kh1 {[%clk 1:32:54]} c5
{[%clk 1:10:24]} 12. b3 {[%clk 1:30:25]} Bb7 {[%clk 1:05:37]} 13. Bb2
{[%clk 1:15:31]} c4 {[%clk 1:00:00]} 14. bxc4 {[%clk 1:15:26]} dxe4
{[%clk 1:00:26]} 15. Nxe4 {[%clk 1:15:30]} Nxe4 {[%clk 0:50:39]} 16. Bxe4
{[%clk 1:15:51]} Bxe4 {[%clk 0:50:12]} 17. Bxg7 {[%clk 1:12:11]} Qc6
{[%clk 0:44:33]} 18. Bxh8 {[%clk 1:12:32]} O-O-O {[%clk 0:45:01]} 19. Be5
{[%clk 0:56:34]} Rg8 {[%clk 0:45:27]} 20. Rg1 {[%clk 0:56:29]} Bc5
{[%clk 0:46:17]} 21. Rab1 {[%clk 0:56:20]} Ba7 {[%clk 0:46:44]} 22. c5
{[%clk 0:53:07]} 1-0